| 000 | 01476cam a22003373a 4500 | ||
|---|---|---|---|
| 001 | 1831 | ||
| 003 | PGUSA | ||
| 005 | 20140828083007.0 | ||
| 008 | 990701s1999||||xxu|||||s|||||000 1 eng d | ||
| 040 |
_aPGUSA _beng |
||
| 042 | _adc | ||
| 050 | 4 | _aPR | |
| 245 | 1 | 4 |
_aThe Lock and Key Library : _bClassic Mystery and Detective Stories: Old Time English _h[electronic resource] |
| 260 |
_bProject Gutenberg, _c1999 |
||
| 505 | 0 | _aThe haunted house / C. Dickens -- No. 1 branch line: The signal man / C. Dickens -- The haunted and the haunters; or, the house and the brain / Bulwer-Lytton -- The incantation / Bulwer-Lytton -- The avenger / T. De Quincey -- Melmoth the wanderer / C.R. Maturin -- A mystery with a moral / L. Sterne -- On being found out /W.M. Thackeray -- The notch in the ax / W.M. Thackeray -- Bourgonef -- The closed cabinet. | |
| 506 | _aPublic domain in the USA. | ||
| 516 | _aElectronic text | ||
| 653 | _aFiction | ||
| 653 | _aGhost stories | ||
| 653 | _aDetective and mystery stories | ||
| 700 | 1 |
_aHawthorne, Julian, _d1846-1934 |
|
| 700 | 1 |
_aMaturin, Charles Robert, _d1780-1824 |
|
| 700 | 1 |
_aSterne, Laurence, _d1713-1768 |
|
| 700 | 1 |
_aDe Quincey, Thomas, _d1785-1859 |
|
| 700 | 1 |
_aDickens, Charles, _d1812-1870 |
|
| 700 | 1 |
_aLytton, Edward Bulwer Lytton, Baron, _d1803-1873 |
|
| 700 | 1 |
_aThackeray, William Makepeace, _d1811-1863 |
|
| 830 | 0 |
_aProject Gutenberg _v1831 |
|
| 856 | 4 | 0 | _uhttp://www.gutenberg.org/ebooks/1831 |
| 942 | _cEB | ||
| 999 |
_c231174 _d231174 |
||